Who's Who in the New Russia 1995

Salvato in:
Dettagli Bibliografici
Natura: Libro
Lingua:inglese
Pubblicazione: Kingston Debrett's 1994
Edizione:1. ed.
Soggetti:
Tags: Aggiungi Tag
Nessun Tag, puoi essere il primo ad aggiungerne!!

MARC

LEADER 00000nam a2200000 4500
001 c012660
005 20221214075535.1
041 0 |a eng 
044 |a GB 
245 1 0 |a Who's Who in the New Russia 1995 
250 |a 1. ed. 
264 1 |a Kingston  |b Debrett's  |c 1994 
300 |a 168 s. 
610 2 0 |a pracovníci riadiaci 
610 2 0 |a politika 
610 2 0 |a ekonómia 
610 2 0 |a podnikatelia 
610 2 0 |a spoločnosť 
610 2 0 |a spolupráca hospodárska medzinárodná 
610 2 0 |a Rusko